00341nam a2200121Ia 4500008004100000041000800041082001400049100002200063245004500085260004400130300003300174365001200207240624s9999 xx 000 0 und d aeng a332.1 ROS aROSENFELD JAMES D aSELECTED WORKS OF GEORGE J BENSTON ACCOU c2010aNew YorkbOxford University Press axviii, : 426 : p. : cm. ; 24 cGBPb26